Existecialismo Positivo
Se plantea un existencialismo positivo en contraposición al existencialismo “clásico”, principalmente desarrollado en Francia a mediados del siglo XX. En una primera sección se desarrollan las principales bases de esta variedad de existencialismo, entre las cuales figuran la disposición de búsqueda,...
Guardado en:
| 主要作者: | |
|---|---|
| 格式: | 图书 |
| 语言: | Undetermined |
| 出版: |
Buenos Aires, Argentina
Paidos
1964
|
| 版: | 2 |
| 主题: | |
| 标签: |
添加标签
没有标签, 成为第一个标记此记录!
|
MARC
| LEADER | 00000nam a2200000Ia 4500 | ||
|---|---|---|---|
| 008 | 170316s9999 xx 000 0 und d | ||
| 040 | |a cru BVZT | ||
| 090 | |a 100 A-1e | ||
| 100 | |a Abbagnano, Nicola |9 809 | ||
| 245 | |a Existecialismo Positivo | ||
| 250 | |a 2 | ||
| 260 | |a Buenos Aires, Argentina | ||
| 260 | |b Paidos | ||
| 260 | |c 1964 | ||
| 300 | |a 79 páginas | ||
| 520 | |a Se plantea un existencialismo positivo en contraposición al existencialismo “clásico”, principalmente desarrollado en Francia a mediados del siglo XX. En una primera sección se desarrollan las principales bases de esta variedad de existencialismo, entre las cuales figuran la disposición de búsqueda, la finitud, la trascendencia, la coexistencia, el destino y la historicidad. En segundo lugar, figura el planteamiento optimista de una filosofía positiva en el existencialismo, donde se parte del rasgo distintivo de la duda, con esto se llega a la negación de la postura contemplativa de la filosofía. Asimismo, se aborda a Kant y Kierkegaard como los filósofos de la posibilidad, para terminar con el análisis de algunos conceptos como la libertad, el tiempo y la historia | ||
| 650 | |a FILOSOFÍA |9 5 | ||
| 650 | |a EXISTENCIALISMO |9 633 | ||
| 942 | 0 | 0 | |0 1 |2 z |c 15 D |
| 999 | |c 15486 |d 15486 | ||
